000 00256nam a22001097a 4500
041 _aENG
245 _aMethod For Estimation Of Pantothenic Acid In Foodstuffs
260 _aNew Delhi
_bISI
_cISI
300 _a10
650 _aBIS Code
856 _uBIS Code
999 _c2115
_d2115